000 00312nam a22001337a 4500
003 OSt
008 250215b |||||||| |||| 00| 0 eng d
020 _a9789348140470
100 _aNAVITA
245 _aEmerging Trends in Business and HR
300 _a347p.
650 _aFaculty Publication
942 _2ddc
_cBK
999 _c13145
_d13145